WASTE MANAGEMENT (Record no. 209977)

MARC details
000 -LEADER
fixed length control field 00419nam a22001457a 4500
008 - FIXED-LENGTH DATA ELEMENTS--GENERAL INFORMATION
fixed length control field 240425b |||||||| |||| 00| 0 eng d
020 ## - INTERNATIONAL STANDARD BOOK NUMBER
International Standard Book Number 9780895265111
050 ## - LIBRARY OF CONGRESS CALL NUMBER
Classification number HD 9975 .U54 W375 1993
Item number 1
100 ## - MAIN ENTRY--PERSONAL NAME
Personal name JACOBSON TIMOTHY C.
245 ## - TITLE STATEMENT
Title WASTE MANAGEMENT
Remainder of title AN AMERICAN CORPORATE SUCCESS STORY
260 ## - PUBLICATION, DISTRIBUTION, ETC.
Place of publication, distribution, etc. US
Name of publisher, distributor, etc. GATEWAY BUSINESS BOOKS
Date of publication, distribution, etc. 1993
300 ## - PHYSICAL DESCRIPTION
Extent XII: 340P.
500 ## - GENERAL NOTE
General note INCLUDES INDEX
942 ## - ADDED ENTRY ELEMENTS (KOHA)
Source of classification or shelving scheme Library of Congress Classification
Koha item type Long Loan Book
Holdings
Withdrawn status Lost status Source of classification or shelving scheme Damaged status Not for loan Collection Home library Current library Shelving location Date acquired Inventory number Total checkouts Full call number Date last seen Copy number Price effective from Koha item type
    Library of Congress Classification     Fiction & Motivational Kisii University Library Kisii University Library On Display 04/25/2024 35292   HD 9975 .U54 W375 1993 04/25/2024 C.1 04/25/2024 Long Loan Book